[Event "28th WSCC2018 - Open 65+"]
[Site "Bled"]
[Date "2018.11.21"]
[Round "4.30"]
[White "Kierzek, Matthias"]
[Black "Archangelsky, Mikhail"]
[Result "0-1"]
[WhiteElo "2182"]
[BlackElo "2043"]
[PlyCount "122"]
[EventDate "2018.11.18"]

1. d4 d5 2. c4 c6 3. Nf3 Nf6 4. Nc3 a6 5. e3 b5 6. b3 Bg4 7. cxd5 cxd5 8. Bd3
e6 9. a4 b4 10. Ne2 Nbd7 11. Bb2 Bxf3 12. gxf3 Be7 13. Rc1 O-O 14. O-O a5 15.
Rc6 Nb8 16. Rc2 Ra7 17. Qd2 Rc7 18. Rfc1 Rxc2 19. Qxc2 Bd6 20. Kh1 Qe7 21. Ng1
g6 22. f4 Nh5 23. Nf3 Ng7 24. Ne5 Qh4 25. Qe2 Rd8 26. Rc2 Nf5 27. Bc1 Qh3 28.
Qf1 Qh4 29. Qg2 Ne7 30. Bd2 Kg7 31. Bb5 f6 32. Nf3 Qh5 33. Bd3 Rc8 34. Rxc8
Nxc8 35. Bc2 Nc6 36. Ng1 N8e7 37. f3 e5 38. fxe5 fxe5 39. Ne2 exd4 40. exd4 Nf5
41. Bxf5 Qxf5 42. Qg4 Qc2 43. Qd7+ Be7 44. Ng1 Qxd2 45. Qxc6 Qxd4 46. Qd7 Qe5
47. Qa7 d4 48. Kg2 d3 49. f4 Qd5+ 50. Nf3 Kf8 51. Qb8+ Kf7 52. Qe5 Qxb3 53. Qd4
Bf6 54. Qd7+ Kg8 55. Qc8+ Kg7 56. Qd7+ Qf7 57. Qxd3 b3 58. Ng5 Qb7+ 59. Kh3 b2
60. Ne6+ Kf7 61. Qc4 Qf3# 0-1

[Event "28th WSCC2018 - Open 65+"]
[Site "Bled"]
[Date "2018.11.21"]
[Round "4.31"]
[White "Nukin, Tolegen"]
[Black "Harding, Tim D"]
[Result "1-0"]
[WhiteElo "2171"]
[BlackElo "2027"]
[PlyCount "89"]
[EventDate "2018.11.18"]

1. e4 c6 2. d4 d5 3. exd5 cxd5 4. Bd3 Nc6 5. c3 Qc7 6. h3 g6 7. Ne2 Bg7 8. Bf4
Qb6 9. Qb3 Qxb3 10. axb3 Nh6 11. g4 O-O 12. Nd2 e5 13. dxe5 Nxe5 14. Bxe5 Bxe5
15. Nf3 Bg7 16. O-O-O Bd7 17. Bc2 Rfe8 18. Nf4 f5 19. g5 Nf7 20. h4 Ne5 21.
Nxe5 Rxe5 22. Rd2 Rae8 23. Rhd1 Re1 24. Nxd5 Bc6 25. b4 Rxd1+ 26. Rxd1 Kf8 27.
b5 Bxd5 28. Rxd5 Ke7 29. Bb3 b6 30. Kd2 h6 31. Ke3 hxg5 32. hxg5 Rh8 33. Rd1
Rh3+ 34. Kf4 Rh4+ 35. Kf3 Be5 36. Ra1 Rf4+ 37. Ke2 Re4+ 38. Kd3 Rg4 39. Rxa7+
Kd6 40. Rb7 Kc5 41. Rd7 Bd6 42. Bf7 Rxg5 43. b4+ Kxb5 44. Rxd6 Rg2 45. Bc4+ 1-0

[Event "28th WSCC2018 - Open 65+"]
[Site "Bled"]
[Date "2018.11.21"]
[Round "4.32"]
[White "Titz, Heimo"]
[Black "Pitzl, Konstantinos"]
[Result "1-0"]
[WhiteElo "2161"]
[BlackElo "2020"]
[PlyCount "93"]
[EventDate "2018.11.18"]

1. c4 Nf6 2. Nc3 g6 3. e4 d6 4. d4 Bg7 5. Nf3 O-O 6. Be2 Nbd7 7. O-O e5 8. Re1
c6 9. b3 Re8 10. Bf1 Qc7 11. Bb2 exd4 12. Nxd4 Nc5 13. f3 Ne6 14. Nxe6 Bxe6 15.
Qd2 Rad8 16. Qf2 Qa5 17. a3 Qb6 18. b4 Nd7 19. Na4 Qxf2+ 20. Kxf2 Ne5 21. Rac1
Bxc4 22. Bxc4 b5 23. Be2 bxa4 24. Rc2 d5 25. exd5 cxd5 26. f4 Nd7 27. Bxg7 Kxg7
28. Bb5 Rxe1 29. Kxe1 Nb6 30. Rc7 d4 31. Rxa7 Rd6 32. Bxa4 d3 33. Bb3 d2+ 34.
Kd1 Nd7 35. a4 Rd3 36. Bc2 Rd4 37. b5 Nf6 38. Bb3 Ne4 39. Rxf7+ Kh6 40. Rc7
Nf2+ 41. Ke2 d1=Q+ 42. Bxd1 Nxd1 43. b6 Nb2 44. a5 Rb4 45. b7 Re4+ 46. Kd2 Rb4
47. a6 1-0

[Event "28th WSCC2018 - Open 65+"]
[Site "Bled"]
[Date "2018.11.21"]
[Round "4.33"]
[White "Srebrnic, Vojko"]
[Black "Marcovici, Adrian"]
[Result "1/2-1/2"]
[WhiteElo "2140"]
[BlackElo "1910"]
[Annotator "uporabnik"]
[PlyCount "57"]
[EventDate "2018.11.18"]

1. f4 d5 2. Nf3 c5 3. e3 Nc6 4. Bb5 Nf6 5. O-O Bg4 6. Qe1 Bxf3 7. Rxf3 Qb6 8.
Bxc6+ Qxc6 9. b3 g6 10. Bb2 Bg7 11. d3 O-O-O 12. Nd2 Ne8 13. Bxg7 Nxg7 14. Nf1
Nf5 15. g4 Nd6 16. Nd2 h5 17. g5 Rhe8 18. Qf2 e5 19. Rf1 e4 20. dxe4 dxe4 21.
Rg3 Rd7 22. Rg2 Red8 23. Re1 b5 24. Nf1 Qd5 25. h4 c4 26. bxc4 bxc4 27. Rb1 Qc5
28. Qe1 Rb7 29. Rxb7 {...48} 1/2-1/2

[Event "28th WSCC2018 - Open 65+"]
[Site "Bled"]
[Date "2018.11.21"]
[Round "4.34"]
[White "Cokan, Mirko"]
[Black "Iudicello, Giovanni"]
[Result "0-1"]
[WhiteElo "1677"]
[BlackElo "2138"]
[PlyCount "117"]
[EventDate "2018.11.18"]

1. d4 Nf6 2. Nc3 d5 3. e4 Nxe4 4. Nxe4 dxe4 5. Be3 Nd7 6. Bb5 c6 7. Bc4 Nf6 8.
f3 exf3 9. Nxf3 Bf5 10. O-O e6 11. Bb3 Be7 12. c3 O-O 13. Bc2 Bxc2 14. Qxc2 Qd5
15. Rae1 Qh5 16. Bf4 Nd5 17. Bg3 Rad8 18. a3 Bd6 19. Bxd6 Rxd6 20. Qd2 h6 21.
Re5 Qg4 22. Ne1 f6 23. h3 Qg6 24. Re2 Qg5 25. Nf3 Qxd2 26. Nxd2 Re8 27. g3 Rd7
28. Ne4 b6 29. c4 Nc7 30. Rxf6 Rxd4 31. Rg6 Rf8 32. Kg2 Rxc4 33. Rg4 Rc1 34.
Nd2 Rc2 35. Rc4 Rxc4 36. Nxc4 c5 37. a4 Rd8 38. b3 Rd3 39. Rb2 Nd5 40. Ne5 Re3
41. Nc4 Rc3 42. Kf2 Nb4 43. Re2 Rc2 44. Rxc2 Nxc2 45. Nd2 Kf7 46. Ke2 e5 47.
Kd3 Nd4 48. Kc4 Ke6 49. b4 cxb4 50. Kxb4 Kd5 51. Nf1 a5+ 52. Kc3 b5 53. axb5
Nxb5+ 54. Kb3 Kd4 55. Ka4 Nc3+ 56. Kb3 Kd3 57. g4 e4 58. h4 Nd5 59. h5 0-1

[Event "28th WSCC2018 - Open 65+"]
[Site "Bled"]
[Date "2018.11.21"]
[Round "4.35"]
[White "Harestad, Thor Geir"]
[Black "Korenevski, Oleg"]
[Result "1-0"]
[WhiteElo "2239"]
[BlackElo "1797"]
[PlyCount "45"]
[EventDate "2018.11.18"]

1. d4 d5 2. Nf3 e6 3. c4 c6 4. Nc3 dxc4 5. a4 Bb4 6. g3 b5 7. Bg2 Bb7 8. O-O
Qb6 9. Ne4 Nd7 10. b3 Ngf6 11. a5 Qa6 12. Nxf6+ Nxf6 13. bxc4 bxc4 14. Ne5 O-O
15. Qc2 c3 16. Nd3 c5 17. Bxb7 Qxb7 18. dxc5 Qe4 19. Ra4 Rab8 20. Bf4 Rb5 21.
Be5 Nd5 22. Bd6 Rc8 23. Nxb4 1-0

[Event "28th WSCC2018 - Open 65+"]
[Site "Bled"]
[Date "2018.11.21"]
[Round "4.36"]
[White "Valenti, Giuseppe"]
[Black "Rovira Mas, Jorge"]
[Result "0-1"]
[WhiteElo "2003"]
[BlackElo "2290"]
[PlyCount "88"]
[EventDate "2018.11.18"]

1. e4 c6 2. Nf3 d6 3. d4 Bg4 4. Be2 Nd7 5. Nc3 e5 6. Be3 Be7 7. Qd2 Ngf6 8. Nh4
Bxe2 9. Qxe2 Qa5 10. O-O-O g6 11. g4 b5 12. g5 b4 13. gxf6 Bxf6 14. Nb1 Bxh4
15. dxe5 Nxe5 16. f4 Nd7 17. Rxd6 Be7 18. Rxc6 O-O 19. Qc4 Nb6 20. Bxb6 axb6
21. c3 Qxa2 22. cxb4 Qxc4+ 23. Rxc4 Ra4 24. Nc3 Rxb4 25. Rc6 Rd8 26. Kc2 Bc5
27. Nd5 Rc4+ 28. Kb3 Rd4 29. Kc3 Kg7 30. b4 Rxe4 31. bxc5 Rxd5 32. cxb6 Rb5 33.
Rf1 Reb4 34. f5 g5 35. Rg1 h6 36. Rc4 Rxc4+ 37. Kxc4 Rxb6 38. h4 Kf6 39. hxg5+
hxg5 40. Rf1 Rd6 41. Kc5 Rd2 42. Kc4 g4 43. Kc3 Rd5 44. Kc4 Rxf5 0-1

[Event "28th WSCC2018 - Open 65+"]
[Site "Bled"]
[Date "2018.11.21"]
[Round "4.37"]
[White "Grahn, Lars"]
[Black "Karnar, Marijan"]
[Result "1/2-1/2"]
[WhiteElo "1999"]
[BlackElo "2226"]
[PlyCount "38"]
[EventDate "2018.11.18"]

1. d4 e6 2. c4 Nf6 3. Nf3 c5 4. d5 exd5 5. cxd5 d6 6. Nc3 g6 7. g3 Bg7 8. Bg2
O-O 9. O-O Na6 10. Nd2 Nc7 11. Nc4 Qe7 12. Bf4 Rd8 13. a4 Nh5 14. Bd2 b6 15.
Re1 Ba6 16. Na3 Rab8 17. Qc2 Qd7 18. Ra2 Bb7 19. Bf1 Ba8 1/2-1/2

[Event "28th WSCC2018 - Open 65+"]
[Site "Bled"]
[Date "2018.11.21"]
[Round "4.39"]
[White "Sand, Rolf"]
[Black "Giulian, Philip M"]
[Result "1-0"]
[WhiteElo "1989"]
[BlackElo "2179"]
[PlyCount "34"]
[EventDate "2018.11.18"]

1. c4 e6 2. g3 d5 3. Nf3 dxc4 4. Bg2 a6 5. O-O Nf6 6. Qc2 b5 7. a4 Bb7 8. axb5
axb5 9. Rxa8 Bxa8 10. Nc3 b4 11. Nd1 Bd5 12. Ne3 b3 13. Qc3 Ne4 14. Qa5 Nc6 15.
Qb5 Nd6 16. Qa4 Qd7 17. d3 Ne5 1-0

[Event "28th WSCC2018 - Open 65+"]
[Site "Bled"]
[Date "2018.11.21"]
[Round "4.40"]
[White "Kolbak, Jens"]
[Black "Myall, Ivan J"]
[Result "0-1"]
[WhiteElo "2173"]
[BlackElo "1995"]
[PlyCount "114"]
[EventDate "2018.11.18"]

1. e4 e5 2. Nf3 Nc6 3. Bb5 a6 4. Bxc6 dxc6 5. O-O Bg4 6. h3 Bh5 7. d3 f6 8. Be3
Bd6 9. Nbd2 Ne7 10. Qe1 c5 11. Nh4 Bf7 12. f3 Qd7 13. g4 h5 14. Nf5 O-O-O 15.
Nxe7+ Bxe7 16. Kg2 Be6 17. Qg3 g6 18. Rh1 f5 19. Qxe5 Bd6 20. Qc3 fxg4 21. hxg4
Bxg4 22. Raf1 Rhf8 23. e5 Bxf3+ 24. Rxf3 Rxf3 25. Nxf3 Qg4+ 26. Kh2 Qxf3 27.
Re1 Be7 28. Qd2 Bh4 29. Rg1 Qf5 30. Bg5 Rd4 31. e6 Qe5+ 32. Kh1 Qxe6 33. Qe3
Qxe3 34. Bxe3 Rd6 35. Bxc5 Re6 36. Bb4 Kd7 37. c4 Be7 38. Bc3 g5 39. Kg2 g4 40.
d4 h4 41. Kf2 Re4 42. Rd1 Bd6 43. c5 Bf4 44. Rh1 Bg3+ 45. Kf1 h3 46. d5 b6 47.
cxb6 cxb6 48. Rg1 Bh4 49. Rh1 Kd6 50. Rh2 Kxd5 51. Rd2+ Ke6 52. Rh2 Bf6 53. Kf2
Bxc3 54. bxc3 Kf5 55. Rh1 Kf4 56. Rd1 g3+ 57. Kf1 Kf3 0-1

[Event "28th WSCC2018 - Open 65+"]
[Site "Bled"]
[Date "2018.11.21"]
[Round "4.41"]
[White "Van Oosten, Arend"]
[Black "Svensson, Soren"]
[Result "1-0"]
[WhiteElo "2137"]
[BlackElo "1987"]
[PlyCount "87"]
[EventDate "2018.11.18"]

1. e4 e5 2. Bc4 Nf6 3. d3 c6 4. Nf3 d5 5. Bb3 Bb4+ 6. Bd2 Bxd2+ 7. Nbxd2 Qc7 8.
O-O O-O 9. Re1 Re8 10. Nf1 d4 11. Ng3 Be6 12. Qd2 Nbd7 13. Rf1 Nc5 14. Nh4 Bxb3
15. axb3 Ne6 16. Ne2 Nh5 17. g3 Qd8 18. Ng2 g5 19. f4 gxf4 20. gxf4 f6 21. fxe5
fxe5 22. Rf5 Neg7 23. Rf3 Rf8 24. Raf1 Rxf3 25. Rxf3 Qe7 26. Ng3 Nxg3 27. hxg3
Rf8 28. Nh4 Rxf3 29. Nxf3 Qf6 30. Kg2 b6 31. Qg5 Qxg5 32. Nxg5 c5 33. Nf3 Kf7
34. Nxe5+ Ke6 35. Nf3 Kf6 36. b4 Ne6 37. bxc5 bxc5 38. Nd2 Ke7 39. Kf3 Nd8 40.
e5 Ke6 41. Ke4 Nc6 42. Nb3 Nxe5 43. Nxc5+ Kf6 44. Nb3 1-0

[Event "28th WSCC2018 - Open 65+"]
[Site "Bled"]
[Date "2018.11.21"]
[Round "4.42"]
[White "Vikulov, Alexander"]
[Black "Sciupokas, Arunas"]
[Result "1-0"]
[WhiteElo "2127"]
[BlackElo "1981"]
[PlyCount "51"]
[EventDate "2018.11.18"]

1. e4 Nc6 2. d4 e5 3. d5 Nce7 4. f4 exf4 5. Bxf4 Ng6 6. Bg3 Bc5 7. Nc3 Nh6 8.
Na4 Bxg1 9. Rxg1 O-O 10. d6 cxd6 11. Qd5 Ng4 12. Bxd6 Qf6 13. Qd2 Re8 14. Nc3
Nf2 15. Be2 Nxe4 16. Nxe4 Rxe4 17. O-O-O Qe6 18. Bd3 Qxd6 19. Bxe4 Qxd2+ 20.
Rxd2 Rb8 21. Bxg6 hxg6 22. Re1 d5 23. Re8+ Kh7 24. Rd4 Kh6 25. Rh4+ Kg5 26.
Rhh8 1-0

[Event "28th WSCC2018 - Open 65+"]
[Site "Bled"]
[Date "2018.11.21"]
[Round "4.43"]
[White "Keogh, Eamon"]
[Black "Malmdin, Nils-Ake"]
[Result "0-1"]
[WhiteElo "1982"]
[BlackElo "2126"]
[PlyCount "80"]
[EventDate "2018.11.18"]

1. e4 d5 2. exd5 Nf6 3. d4 Bg4 4. Nf3 Qxd5 5. Be2 Nc6 6. O-O O-O-O 7. c4 Qf5 8.
Be3 e5 9. d5 Bxf3 10. Bxf3 e4 11. Be2 Bd6 12. Nd2 Qe5 13. g3 Nd4 14. Nb3 Nxe2+
15. Qxe2 h5 16. c5 Be7 17. d6 cxd6 18. cxd6 Bxd6 19. Bxa7 h4 20. Rac1+ Kd7 21.
Bd4 Qh5 22. Qxh5 Nxh5 23. Nc5+ Bxc5 24. Bxc5 hxg3 25. fxg3 Ke6 26. Be3 Rc8 27.
Bd4 Rxc1 28. Rxc1 Rd8 29. Bc3 f5 30. Kf2 g5 31. g4 Nf4 32. gxf5+ Kxf5 33. Rc2
Rd1 34. Bh8 Rd3 35. Bc3 Kg4 36. Bd2 Rf3+ 37. Ke1 e3 38. Ba5 e2 39. Kd2 Rd3+ 40.
Ke1 Kf3 0-1

[Event "28th WSCC2018 - Open 65+"]
[Site "Bled"]
[Date "2018.11.21"]
[Round "4.44"]
[White "Reynolds, D Ian W"]
[Black "Praznik, Anton"]
[Result "1/2-1/2"]
[WhiteElo "1969"]
[BlackElo "2104"]
[PlyCount "84"]
[EventDate "2018.11.18"]

1. e4 d6 2. Nc3 g6 3. f4 Bg7 4. Nf3 c5 5. Bb5+ Bd7 6. Bxd7+ Qxd7 7. O-O Nc6 8.
d3 e6 9. Be3 Nge7 10. d4 cxd4 11. Nxd4 O-O 12. Nce2 f5 13. Qd3 Rad8 14. c3 Kh8
15. Rad1 a6 16. Nxc6 Qxc6 17. Nd4 Qc8 18. exf5 gxf5 19. Nf3 e5 20. Qe2 Qe6 21.
Bb6 Rc8 22. a3 h6 23. Bd4 Ng6 24. g3 Rfe8 25. Rde1 Qd5 26. Bf2 Qf7 27. Qd2 Rcd8
28. Qc2 exf4 29. Nd4 fxg3 30. hxg3 Ne5 31. Be3 Qg6 32. Bf4 Qg4 33. Qh2 h5 34.
Qh4 Qxh4 35. gxh4 Bf6 36. Bxe5 Bxe5 37. Nxf5 Rg8+ 38. Kf2 Rdf8 39. Ke3 Rg2 40.
Re2 Rg4 41. Rf3 Kh7 42. Ref2 Rf6 1/2-1/2

[Event "28th WSCC2018 - Open 65+"]
[Site "Bled"]
[Date "2018.11.21"]
[Round "4.45"]
[White "Siegmund, Rainer"]
[Black "Danielsson, Robert"]
[Result "1/2-1/2"]
[WhiteElo "2102"]
[BlackElo "1968"]
[PlyCount "49"]
[EventDate "2018.11.18"]

1. d4 Nf6 2. c4 g6 3. Nc3 d5 4. Nf3 Bg7 5. Bg5 Ne4 6. Bh4 Nxc3 7. bxc3 dxc4 8.
Qa4+ Qd7 9. Qxc4 b6 10. e3 Ba6 11. Qb3 Bxf1 12. Kxf1 O-O 13. Ke2 Nc6 14. Rhd1
Rfe8 15. Kf1 Na5 16. Qb4 Qd5 17. Kg1 e6 18. Bg3 Rac8 19. Qa4 Qc4 20. Qa3 Bf8
21. Qb2 f6 22. Rac1 Qa4 23. Qc2 Qxc2 24. Rxc2 Red8 25. Kf1 1/2-1/2

[Event "28th WSCC2018 - Open 65+"]
[Site "Bled"]
[Date "2018.11.21"]
[Round "4.46"]
[White "Mayer, Roland"]
[Black "Diaz Franco, Francisco Jorge"]
[Result "1-0"]
[WhiteElo "2076"]
[BlackElo "1960"]
[PlyCount "73"]
[EventDate "2018.11.18"]

1. e4 c6 2. Nc3 d5 3. Nf3 Bg4 4. h3 Bh5 5. exd5 cxd5 6. Bb5+ Nc6 7. g4 Bg6 8.
Ne5 Rc8 9. d4 e6 10. Qe2 Be7 11. Bf4 Nf6 12. h4 Ne4 13. h5 Nxc3 14. bxc3 Be4
15. f3 Bh4+ 16. Kd2 Bg5 17. Qe3 Bxf4 18. Qxf4 f6 19. Nxc6 bxc6 20. Ba6 Qc7 21.
Qxc7 Rxc7 22. Rab1 Kd7 23. fxe4 dxe4 24. Ke3 f5 25. gxf5 exf5 26. Kf4 Rf8 27.
Rhg1 Ke6 28. Rb7 Rff7 29. Rgb1 Kf6 30. Rxc7 Rxc7 31. Rb7 g5+ 32. hxg6 Rxb7 33.
Bxb7 hxg6 34. Bxc6 g5+ 35. Ke3 Ke6 36. c4 Kd6 37. Ba8 1-0

[Event "28th WSCC2018 - Open 65+"]
[Site "Bled"]
[Date "2018.11.21"]
[Round "4.47"]
[White "Muratoglu, Salih"]
[Black "Tsynman, Boris"]
[Result "0-1"]
[WhiteElo "1942"]
[BlackElo "2074"]
[PlyCount "100"]
[EventDate "2018.11.18"]

1. e4 c5 2. Nf3 d6 3. d4 cxd4 4. Nxd4 Nf6 5. Nc3 g6 6. Bc4 Bg7 7. O-O O-O 8. h3
Nc6 9. Be3 a6 10. a4 Bd7 11. f4 Rc8 12. Qe2 Qa5 13. Bb3 Nxe4 14. Nxc6 Bxc6 15.
Nxe4 Bxe4 16. Bf2 d5 17. c3 e6 18. Be3 Rfe8 19. Qf2 Rc6 20. Rfe1 Bf8 21. Bd1
Bc5 22. g4 Bxe3 23. Rxe3 Rec8 24. Ra3 Qd8 25. Rb3 Rb6 26. Ra3 Qd6 27. a5 Rbc6
28. Rb3 R6c7 29. Re1 Bd3 30. Rb6 Qc5 31. Re3 Be4 32. b4 Qe7 33. f5 exf5 34.
gxf5 Qg5+ 35. Rg3 Qxf5 36. Qd4 Qf4 37. Re3 Qg5+ 38. Kf1 Qg2+ 39. Ke1 Qg1+ 40.
Kd2 Rxc3 41. Rxe4 Qg5+ 42. Re3 Ra3 43. Qe5 Qg2+ 44. Re2 Ra2+ 45. Kd3 Qf3+ 46.
Qe3 Ra3+ 47. Kd2 Rxe3 48. Rxe3 Qf2+ 49. Be2 Rc2+ 50. Kd3 Qf4 0-1

[Event "28th WSCC2018 - Open 65+"]
[Site "Bled"]
[Date "2018.11.21"]
[Round "4.48"]
[White "Karnaukh, Anatolij"]
[Black "Holzmann, Herbert"]
[Result "1/2-1/2"]
[WhiteElo "2053"]
[BlackElo "1955"]
[PlyCount "91"]
[EventDate "2018.11.18"]

1. d4 Nf6 2. Nf3 d6 3. g3 c5 4. dxc5 Qa5+ 5. Nbd2 Qxc5 6. Bg2 Nc6 7. O-O Qh5 8.
Re1 Bh3 9. Bh1 g6 10. c3 Bg7 11. Nd4 Bd7 12. Nxc6 Ng4 13. Nf1 bxc6 14. e4 Qc5
15. Ne3 h5 16. Bg2 Rb8 17. h3 Ne5 18. Kh1 Be6 19. f4 Nc4 20. Nxc4 Bxc4 21. Be3
Qa5 22. Bd4 e5 23. b4 Qc7 24. fxe5 Bxe5 25. Bxe5 dxe5 26. Qd2 Rd8 27. Qf2 O-O
28. Qc5 Be6 29. Red1 Rfe8 30. a4 Rxd1+ 31. Rxd1 Bb3 32. Rb1 Be6 33. b5 Rc8 34.
b6 axb6 35. Rxb6 Qd8 36. a5 Qg5 37. Kh2 h4 38. gxh4 Qf4+ 39. Kg1 Qc1+ 40. Kh2
Qf4+ 41. Kg1 Rd8 42. Rb1 Rd2 43. Rf1 Qg3 44. Rf2 Rd1+ 45. Rf1 Rd2 46. Rf2
1/2-1/2

[Event "28th WSCC2018 - Open 65+"]
[Site "Bled"]
[Date "2018.11.21"]
[Round "4.49"]
[White "Taksrud, Vidar"]
[Black "Batakovs, Olegs"]
[Result "1-0"]
[WhiteElo "2038"]
[BlackElo "1945"]
[PlyCount "93"]
[EventDate "2018.11.18"]

1. d4 Nf6 2. c4 g6 3. g3 Bg7 4. Bg2 O-O 5. Nc3 d6 6. Nf3 Nc6 7. O-O a6 8. h3
Rb8 9. b3 b5 10. d5 Na5 11. cxb5 axb5 12. Nd4 Bd7 13. Qd3 b4 14. Na4 Qc8 15.
Kh2 c5 16. dxc6 Nxc6 17. Nxc6 Bxc6 18. Bxc6 Qxc6 19. Bd2 Qe4 20. Rac1 Qxd3 21.
exd3 Nd5 22. Rc4 Rfd8 23. Rfc1 Kf8 24. d4 Ke8 25. R1c2 Kd7 26. Nb2 Rdc8 27. Nd3
Nb6 28. Rxc8 Rxc8 29. Rxc8 Kxc8 30. Nxb4 Bxd4 31. Kg2 Kd7 32. a4 e5 33. f3 f5
34. Kf1 Bc5 35. Nc2 d5 36. a5 Nc8 37. b4 Bd6 38. b5 Bc5 39. Bb4 Ba7 40. Ke2 e4
41. fxe4 fxe4 42. b6 Bb8 43. Nd4 Bxg3 44. Bc5 Bd6 45. b7 Bxc5 46. b8=Q Bxd4 47.
Qb7+ 1-0

[Event "28th WSCC2018 - Open 65+"]
[Site "Bled"]
[Date "2018.11.21"]
[Round "4.50"]
[White "Bondar, Leonid"]
[Black "Hjertenes, Oystein"]
[Result "1/2-1/2"]
[WhiteElo "1931"]
[BlackElo "2037"]
[PlyCount "74"]
[EventDate "2018.11.18"]

1. e4 g6 2. d4 Bg7 3. Nf3 c6 4. Be2 d5 5. e5 f6 6. O-O Nd7 7. exf6 exf6 8. c3
Ne7 9. Bf4 O-O 10. h4 Re8 11. Bd3 Nf8 12. Qd2 Bf5 13. Re1 Qd7 14. Na3 Bxd3 15.
Qxd3 Nf5 16. Nc2 Ne6 17. Bd2 Nf8 18. Bf4 Nd6 19. Bxd6 Qxd6 20. Rxe8 Rxe8 21.
Re1 Rxe1+ 22. Ncxe1 Bh6 23. Qe2 Kf7 24. Nd3 b6 25. g3 Ne6 26. Nh2 c5 27. Ng4
Bg7 28. dxc5 bxc5 29. Qf3 Ke7 30. Ne3 d4 31. Qb7+ Kf8 32. Nc4 Qc7 33. Qxc7 Nxc7
34. Nxc5 dxc3 35. bxc3 Nd5 36. Ne6+ Kf7 37. Nxg7 Kxg7 1/2-1/2

[Event "28th WSCC2018 - Open 65+"]
[Site "Bled"]
[Date "2018.11.21"]
[Round "4.51"]
[White "Biller, Helmut"]
[Black "James, Kevin"]
[Result "0-1"]
[WhiteElo "2035"]
[BlackElo "1929"]
[PlyCount "64"]
[EventDate "2018.11.18"]

1. d4 g6 2. c4 Bg7 3. Nc3 c5 4. Nf3 cxd4 5. Nxd4 Nc6 6. e3 Nf6 7. Be2 O-O 8.
O-O b6 9. Bf3 Bb7 10. b3 e5 11. Ndb5 e4 12. Be2 d5 13. Ba3 Ne7 14. cxd5 Nd7 15.
Rc1 Nc5 16. Bxc5 bxc5 17. Nxe4 Be5 18. Nxc5 Bxd5 19. Nd4 Rc8 20. a3 Qd6 21. b4
Bxh2+ 22. Kh1 Be5 23. Nd3 Bxd4 24. exd4 Nf5 25. Ne5 Rxc1 26. Qxc1 Nxd4 27. Qe3
Nxe2 28. Qxe2 Re8 29. Nc4 Qc6 30. Ne5 Bxg2+ 31. Kg1 Bxf1 32. Nxc6 Bxe2 0-1

[Event "28th WSCC2018 - Open 65+"]
[Site "Bled"]
[Date "2018.11.21"]
[Round "4.52"]
[White "Doubleday, William G"]
[Black "Kratschmer, Heinz"]
[Result "1/2-1/2"]
[WhiteElo "1929"]
[BlackElo "2035"]
[PlyCount "49"]
[EventDate "2018.11.18"]

1. d4 Nf6 2. c4 g6 3. Nc3 d5 4. Bg5 Ne4 5. Bh4 Nxc3 6. bxc3 dxc4 7. Qa4+ Qd7 8.
Qxc4 b6 9. e3 Bg7 10. Nf3 Ba6 11. Qb3 Bxf1 12. Kxf1 c5 13. Bg3 Nc6 14. Rb1 O-O
15. Ke2 Rfd8 16. Rhd1 Na5 17. Qb5 Qxb5+ 18. Rxb5 cxd4 19. cxd4 Rac8 20. Rbb1
Rc2+ 21. Rd2 Rdc8 22. Rbd1 R2c3 23. Rd3 Rc2+ 24. R3d2 R2c3 25. Rd3 1/2-1/2

[Event "28th WSCC2018 - Open 65+"]
[Site "Bled"]
[Date "2018.11.21"]
[Round "4.53"]
[White "Sorcnik, Franc"]
[Black "Benggawan, Undriadi"]
[Result "1-0"]
[WhiteElo "2028"]
[BlackElo "1594"]
[PlyCount "77"]
[EventDate "2018.11.18"]

1. e4 g6 2. d4 Bg7 3. f4 c5 4. d5 d6 5. Nf3 Nf6 6. c3 O-O 7. Bd3 Nbd7 8. Nbd2
Nb6 9. O-O Bd7 10. Qe1 Rc8 11. c4 e6 12. e5 Ne8 13. dxe6 fxe6 14. Ne4 d5 15.
Neg5 Bh6 16. b3 Ng7 17. g3 Nf5 18. cxd5 Nxd5 19. Bb2 Qb6 20. Qf2 Bxg5 21. Nxg5
h6 22. Ne4 Bb5 23. Bxb5 Qxb5 24. Nd6 Nxd6 25. exd6 Qd7 26. Be5 b6 27. Qc2 Qf7
28. Rae1 Rcd8 29. Qg2 Nb4 30. Qe2 Rd7 31. Ba1 Nc6 32. Qxe6 Qxe6 33. Rxe6 Kh7
34. Rd1 Rff7 35. h4 Nd8 36. Re8 g5 37. h5 Rg7 38. Bxg7 Kxg7 39. Re7+ 1-0

[Event "28th WSCC2018 - Open 65+"]
[Site "Bled"]
[Date "2018.11.21"]
[Round "4.54"]
[White "Green, Per"]
[Black "Ciuro Munoz, Ricardo"]
[Result "1/2-1/2"]
[WhiteElo "1919"]
[BlackElo "2014"]
[Annotator "uporabnik"]
[PlyCount "51"]
[EventDate "2018.11.18"]

1. Nf3 Nf6 2. c4 c5 3. Nc3 Nc6 4. e3 e6 5. d4 cxd4 6. exd4 d5 7. Bg5 Be7 8. Bd3
dxc4 9. Bxc4 O-O 10. O-O h6 11. Bh4 a6 12. a3 b5 13. Bd3 Bb7 14. Bc2 Rc8 15.
Qd3 g6 16. Bb3 b4 17. Ne2 bxa3 18. bxa3 Nd5 19. Bxe7 Ncxe7 20. Ne5 Kg7 21. Rab1
Nf6 22. f3 Bd5 23. Bc2 Nd7 24. Ng4 Bc4 25. Qd2 Bxe2 26. Qxe2 {...39} 1/2-1/2

[Event "28th WSCC2018 - Open 65+"]
[Site "Bled"]
[Date "2018.11.21"]
[Round "4.55"]
[White "Vinke, Dietmar"]
[Black "Schramek, Kurt"]
[Result "1/2-1/2"]
[WhiteElo "2163"]
[BlackElo "1569"]
[PlyCount "31"]
[EventDate "2018.11.18"]

1. Nf3 c5 2. g3 g6 3. Bg2 Bg7 4. O-O Nc6 5. e4 e5 6. d3 Nge7 7. c3 O-O 8. Be3
d6 9. Qd2 Bg4 10. Nh4 Qd7 11. f4 f5 12. fxe5 Nxe5 13. Na3 fxe4 14. dxe4 Be6 15.
b3 Rxf1+ 16. Rxf1 1/2-1/2

[Event "28th WSCC2018 - Open 65+"]
[Site "Bled"]
[Date "2018.11.21"]
[Round "4.57"]
[White "Sorensen, Bent"]
[Black "Pressl, Harald"]
[Result "1-0"]
[WhiteElo "2103"]
[BlackElo "1892"]
[PlyCount "61"]
[EventDate "2018.11.18"]

1. Nf3 d6 2. d4 Nf6 3. Nc3 Nbd7 4. e4 e5 5. Bc4 Be7 6. Ng5 O-O 7. Bxf7+ Rxf7 8.
Ne6 Qe8 9. Nxc7 Qf8 10. Nxa8 exd4 11. Qxd4 d5 12. Be3 Bc5 13. Qd2 Bxe3 14. fxe3
Nc5 15. O-O Ncxe4 16. Nxe4 dxe4 17. Qd4 Rd7 18. Qxa7 Rd2 19. Qa4 Qc5 20. Qb3+
Nd5 21. Rad1 Rxd1 22. Rxd1 Be6 23. Qxb7 Qxe3+ 24. Kh1 Qe2 25. Qb8+ Kf7 26. Rg1
g5 27. Nc7 Bh3 28. Qe8+ Kg7 29. Qe5+ Kh6 30. Qg3 Nf4 31. gxh3 1-0

[Event "28th WSCC2018 - Open 65+"]
[Site "Bled"]
[Date "2018.11.21"]
[Round "4.58"]
[White "Mckerracher, Douglas"]
[Black "Toefferl, Heimo"]
[Result "1-0"]
[WhiteElo "1878"]
[BlackElo "2082"]
[PlyCount "80"]
[EventDate "2018.11.18"]

1. e4 e6 2. d3 d5 3. Nd2 Nf6 4. Ngf3 c5 5. g3 b5 6. Bg2 Bb7 7. O-O Be7 8. Re1
O-O 9. a4 b4 10. e5 Nfd7 11. h4 Nc6 12. Nf1 Qc7 13. Bf4 Rad8 14. N1h2 Rfe8 15.
Ng4 Nf8 16. Nf6+ gxf6 17. exf6 Bd6 18. Bxd6 Qxd6 19. Qd2 Ng6 20. h5 e5 21. hxg6
Qxf6 22. gxf7+ Kxf7 23. Qe3 e4 24. dxe4 dxe4 25. Ng5+ Kg7 26. Nxe4 Qxb2 27.
Qg5+ Kh8 28. Nxc5 Ba8 29. Nd3 Qc3 30. Qh5 Rxe1+ 31. Rxe1 b3 32. Re8+ Rxe8 33.
Qxe8+ Kg7 34. Qd7+ Kf6 35. cxb3 Nd4 36. Qd6+ Kg7 37. Qe7+ Kg8 38. Bxa8 Qxb3 39.
Qd8+ Kg7 40. Qxd4+ Kf8 1-0

[Event "28th WSCC2018 - Open 65+"]
[Site "Bled"]
[Date "2018.11.21"]
[Round "4.59"]
[White "Zhelesny, Stanislav"]
[Black "Thjomoe, Hans Richard"]
[Result "1-0"]
[WhiteElo "2079"]
[BlackElo "1874"]
[PlyCount "63"]
[EventDate "2018.11.18"]

1. Nf3 Nf6 2. g3 g6 3. Bg2 Bg7 4. O-O O-O 5. d4 c6 6. c4 d5 7. Nbd2 Re8 8. Ne5
Bf5 9. Ndf3 Ne4 10. cxd5 cxd5 11. Qb3 Nc6 12. Qxb7 Nxd4 13. Nxd4 Bxe5 14. Nc6
Qc7 15. Qxc7 Bxc7 16. Be3 e5 17. f3 Nf6 18. Rac1 d4 19. Bf2 Bb6 20. f4 Be4 21.
Nxe5 Bxg2 22. Kxg2 Rad8 23. Rfd1 Nd5 24. Kf1 h5 25. a3 Kg7 26. Nc6 Rd6 27. Nxd4
Kf6 28. Rd3 h4 29. Rcd1 hxg3 30. hxg3 Bxd4 31. Rxd4 Red8 32. e4 1-0